00985nam a2200289 a 450000100060000000300080000600500170001400800410003103500170007203500190008904000280010804100080013608200220014411000330016624500540019926000190025330000350027249000680030750000530037550500620042861000190049065000520050965000330056165100360059471000310063083000340066146246BD-RjUL20211209054127.0160801s1933 sz a 000 0 eng d aMITb10892170 a(BD-RjUL)46364 aDVPcDVPdOCLdMYGbeng aeng a330.973bNAT 19332 aInternational Labour Office.10aNational recovery measures in the United States / aGeneva,c1933. aviii, 224 p. :bill. ;c24 cm.1 aIts Studies and reports, Series B (Economic conditions)vno. 19 aAt head of title: International labour office...0 a--Introduction.--Legislative measures.--Industrial codes.10aUnited States. 0aIndustrial laws and legislationzUnited States. 0aPublic workszUnited States. 0aUnited StatesxEconomic policy.1 aUnited States.tLaws, etc. 0aStudies and reports.vno. 19.